00174nam a2200073Ia 4500082000800000245001500008100003600023008004100059 aBAR 0aSacrament  a BARKER, Clive London, 1996 210817s9999 xx 000 0 und d